| 000 | 00336nam a2200109Ia 4500 | ||
|---|---|---|---|
| 008 | 231129s9999||||xx |||||||||||||| ||spa|| | ||
| 082 | _aER- 314 | ||
| 100 | _aGómez Calvo Víctor Hugo | ||
| 245 | 0 | _aEl mundo de los niños. Una nueva propuesta de cuento | |
| 264 | _aPereira: Fondo Editorial del Departamento 2004 | ||
| 942 |
_2ddc _cBKS |
||
| 999 |
_c11789 _d11789 |
||